000 00556nam a2200205Ia 4500
003 GCL
008 140319s9999 xx 000 0 eng d
040 _aGCL /
_cGCL
082 0 4 _a624.15
_bW F
100 1 _aWATSON, KEITH L.
245 1 0 _aFOUNDATION SCIENCE FOR ENGINEERS /
_cWATSON, KEITH L.
260 _a[S.N] :
_bTHE MACMILLAN PRESS LTD. ،
_c1993
300 _a311\P
650 0 4 _aالتحليل الرياضى
650 0 4 _aMECHANICS ENGINEERING
650 0 4 _aMAGNETISM
650 0 4 _aELECTRICITY
650 0 4 _aEQUILIBRIUM
942 _2ddc
_cBK
999 _c20041
_d20041